Every Character Mentioned In Percy Jackson-The Battle Of The Labyrinth - Statistics

General Stats
  • This quiz has been taken 6 times
  • The average score is 39 of 94
Answer Stats
Times Mentioned Answer % Correct
515 Annabeth Chase
100%
15 Apollo
100%
6 Artemis
100%
26 Chris Rodriguez
100%
61 Clarisse La Rue
100%
34 Dionysus/Mr D
100%
192 Grover Underwood
100%
21 Hades
100%
167 Percy Jackson
100%
3 Sally Jackson
100%
8 Silena Beauregard
100%
2 Thalia
100%
25 Zeus
100%
7 Aphrodite
80%
31 Athena
80%
24 Bianca Di Angelo
80%
123 Chiron
80%
3 Connor Stoll
80%
224 Daedalus/Quintus
80%
3 Demeter
80%
61 Hephaestus
80%
15 Hermes
80%
19 Icarus
80%
157 Luke Castellan
80%
199 Nico Di Angelo
80%
42 Paul Blofis
80%
57 Poseidon
80%
178 Rachel Elizabeth Dare
80%
6 Travis Stoll
80%
10 Ares
60%
7 Atlas
60%
13 Charles Beckendorf
60%
30 Hera
60%
17 Iris
60%
74 Kronos
60%
8 Lee Fletcher
60%
47 Mrs O'Leary
60%
1 Pollux
60%
53 Briares
40%
44 Calypso
40%
2 Castor
40%
29 Ethan Nakamura
40%
69 Geryon
40%
16 Janus
40%
60 Kelli
40%
3 Malcolm
40%
64 Minos
40%
5 Minotaur
40%
34 Sphinx
40%
233 Tyson
40%
2 Zoe Nightshade
40%
1 Arachne
20%
12 Ariadne
20%
11 Blackjack
20%
2 Circe
20%
4 Hecate
20%
2 Hercules
20%
1 Hyperion
20%
41 Juniper
20%
42 Kampe
20%
1 Krios
20%
2 Nemesis
20%
62 Pan
20%
13 Theseus
20%
6 Typhon
20%
1 Aegeas
0%
18 Aelia
0%
45 Anteaus
0%
6 Argus
0%
14 Cocalus
0%
6 Dede
0%
1 Diomedes
0%
51 Eurytion
0%
7 Gaea
0%
2 Guido
0%
1 Harriet Tubman
0%
1 Helios
0%
1 Hydra
0%
1 Leneus
0%
1 Lysas
0%
2 Maron
0%
3 Medusa
0%
2 Morpheus
0%
1 Odysseus
0%
12 Orthus
0%
3 Ouranos
0%
2 Peleus
0%
17 Perdix
0%
1 Porkpie
0%
2 Robert
0%
27 Silenus
0%
1 Talos
0%
18 Tammi
0%
6 The Oracle/Delphi
0%
No matching quizzes found
Score Distribution
Percent of People with Each Score
Percentile by Number Answered
Your Score History
You have not taken this quiz